Quỷ sứ cũng phải dè chừng = Devil may care
Đã lưu trong:
| Príomhúdar: | |
|---|---|
| Formáid: | Leabhar |
| Teanga: | Undetermined |
| Foilsithe: |
Hà Nội
Văn học
2010
|
| Ábhair: | |
| Clibeanna: |
Cuir Clib Leis
Gan Chlibeanna, Bí ar an gcéad duine leis an taifead seo a chlibeáil!
|
| Thư viện lưu trữ: | Trung tâm Học liệu Trường Đại học Cần Thơ |
|---|
| LEADER | 00641nam a2200205Ia 4500 | ||
|---|---|---|---|
| 001 | CTU_161050 | ||
| 008 | 210402s9999 xx 000 0 und d | ||
| 020 | |c 75000 | ||
| 082 | |a 823.914 | ||
| 082 | |b F263 | ||
| 100 | |a Faulks, Sebastian | ||
| 245 | 0 | |a Quỷ sứ cũng phải dè chừng = | |
| 245 | 0 | |b Devil may care | |
| 245 | 0 | |c Sebastian Faulks ; Nguyễn Việt Hải dịch | |
| 260 | |a Hà Nội | ||
| 260 | |b Văn học | ||
| 260 | |c 2010 | ||
| 650 | |a Bond, James (Fictitious character),Bond, James (Nhân vật hư cấu) | ||
| 910 | |a Nguyên | ||
| 980 | |a Trung tâm Học liệu Trường Đại học Cần Thơ | ||